Detalles MARC
| 000 -LIDER |
| fixed length control field |
01233nam a22002897a 4500 |
| 001 - NÚMERO DE CONTROL |
| Identificador de número de control |
00155 |
| 003 - IDENTIFICACDOR DE NÚMERO DE CONTROL |
| control field |
DO-SdBPM |
| 005 - DATE AND TIME OF LATEST TRANSACTION |
| control field |
20250603095856.0 |
| 007 - CAMPOS FIJOS DE DESCRIPCIÓN FÍSICA |
| fixed length control field |
00155 |
| 008 - ELEMENTOS DE LONGITUD FIJA |
| fixed length control field |
160607b2007 sp |||| 00| 0 spa d |
| 040 ## - FUENTE DE CATALOGACIÓN |
| Agencia que crea de manera original el registro |
DO-SdBPM |
| Idioma de catalogación |
spa |
| Agencia que realiza la transcripción |
BPMSU |
| 082 #4 - NÚMERO DE CLASIFICACIÓN DECIMAL DE DEWEY |
| Classification number |
616.855 |
| Item number |
C977f 2007 |
| Edition number |
22 |
| 100 ## - ASIENTO PRINCIPAL -- NOMBRE PERSONAL |
| Nombre personal |
|
| 245 00 - MENCIÓN DE TITULO |
| Título |
Curso de formación : |
| Subtítulo |
trastornos del apendisaje en niños y adolescentes : TDAH y discapacidad intelectual / |
| Mención de responsabilidad |
coordinador Ramón Novell, |
| 250 ## - MENCIÓN DE EDICION |
| Mención de edición |
|
| 260 ## - PUBLICACIÓN, DISTRIBUCIÓN, ETC. (PIE DE IMPRENTA) |
| Lugar de publicación, distribución, etc |
Barcelona : |
| Nombre del editor, distribuidor, etc. |
G Ferrer, |
| Fecha de publicación, distribución, etc |
2007 |
| 300 ## - DESCRIPCIÓN FÍSICA |
| Extensión |
46 p. : |
| Otros detalles físicos |
il. ; |
| Dimensiones |
28 cm. |
| 505 ## - NOTA DE CONTENIDO |
| Información miscelánea |
Unidad 1 : |
| Título |
Trastorno por déficit de atención con hiperactividad / |
| Mención de responsabilidad |
Roger Chater Baulés |
| Información miscelánea |
Unidad 2 : |
| Título |
Trastornos de conducta en personas con discapacidad intelectual / |
| Mención de responsabilidad |
Susana Esteba Castillo -- |
| Información miscelánea |
Unidad 3 : |
| Título |
Farmacología y uso clínico del gamalate B / |
| Mención de responsabilidad |
Ramón Novell Alsina -- |
| 590 ## - NOTA LOCAL |
| Texto de la nota local |
Inventariado, 2025/VM |
| 650 #4 - ENCABEZAMIENTO DE MATERIA--TEMÁTICO |
| Término temático o nombre geográfico como elemento de entrada |
Niños hiperactivos |
| Subdivisión temática general |
Diagnóstico. |
| 650 #4 - ENCABEZAMIENTO DE MATERIA--TEMÁTICO |
| Término temático o nombre geográfico como elemento de entrada |
Trastorno por déficit de atención con hiperactividad |
| Subdivisión temática general |
Diagnóstico. |
| 650 #4 - ENCABEZAMIENTO DE MATERIA--TEMÁTICO |
| Término temático o nombre geográfico como elemento de entrada |
Educación de niños hiperactivos |
| 650 #4 - ENCABEZAMIENTO DE MATERIA--TEMÁTICO |
| Término temático o nombre geográfico como elemento de entrada |
Neuropsicología. |
| 700 1# - ASIENTO SECUNDARIO -- NOMBRE PERSONAL |
| Nombre personal |
Novell, Ramón |
| Mención de responsabilidad |
coordinador |
| 910 ## - VALIDACIÓN |
| Validación |
VMateo V. Control de calidad. BPMSU |
| 942 ## - ADDED ENTRY ELEMENTS (KOHA) |
| Source of classification or shelving scheme |
Dewey Decimal Classification |
| Koha item type |
Libros |